00372nam a2200133Ia 450000500170000000800410001704100080005808200100006610000060007624500990008226000250018130000080020665000240021420231124134851.0220524s9999 xx 000 0 und d aeng a428.1 a- aNew International Webster's Pocket Grammar, Speech & Style Dictionary of the English Language CCBS Publishersc2001 a314 aEnglish Dictionary